000 00542 a2200181 4500
003 OSt
005 20240123100810.0
008 240123b |||||||| |||| 00| 0 eng d
020 _a9789392115615
040 _coclc
082 _a297.61
_bHUD/I
100 _aHudawi, Muhammad Jabir Ali
_910299
245 _aImam al-Haramayn al-Juwayni /
_cMuhammad Jabir Ali Hudawi
250 _a1st ed.
260 _aMalappuram:
_bBook Plus Publishers,
_c2023.
300 _a176p.
942 _2ddc
_cBK
_h297.61
_iHUD/I
_k297.61
_mHUD/I
999 _c43292
_d43292